000 01499nam a2200385Ia 4500
001 ebr10659076
003 CaPaEBR
006 m u
007 cr cn|||||||||
008 091006s2010 nyua sb 001 0 eng d
010 _z 2009038987
020 _z1608765016 (hardcover)
020 _z9781608765010 (hardcover)
020 _z9781613247228
040 _aCaPaEBR
_cCaPaEBR
035 _a(OCoLC)832314009
050 1 4 _aTD427.F68
_bB565 2010eb
082 0 4 _a628.9/6
_222
245 0 0 _aBiofouling
_h[electronic resource] :
_btypes, impact, and anti-fouling /
_cJun Chan and Shing Wong, editors.
260 _aNew York :
_bNova Science Publishers,
_cc2010.
300 _axiv, 363 p. :
_bill. (some col.).
490 0 _aPollution science, technology and abatement series
504 _aIncludes bibliographical references and index.
533 _aElectronic reproduction.
_bPalo Alto, Calif. :
_cebrary,
_d2013.
_nAvailable via World Wide Web.
_nAccess may be limited to ebrary affiliated libraries.
650 0 _aFouling organisms.
650 0 _aFouling
_xPrevention.
650 0 _aHydraulic structures
_xProtection.
650 0 _aMedical instruments and apparatus
_xMicrobiology.
650 0 _aProtective coatings.
655 7 _aElectronic books.
_2local
700 1 _aChan, Jun.
700 1 _aWong, Shing.
710 2 _aebrary, Inc.
856 4 0 _uhttp://site.ebrary.com/lib/rucke/Doc?id=10659076
_zAn electronic book accessible through the World Wide Web; click to view
999 _c177674
_d177674